Which of the Two... Movies Quiz Stats

 Plays Quiz Updated Jan 21, 2016

Challenge
Share
Tweet
Embed
Score 0/24 Timer 06:00
3 Plays Today
Which movie... A or B % Correct
...takes place at a school on a Saturday?
(A) The Breakfast Club or (B) Breakfast at Tiffany's
???
92.1%
...was advertised with a poster of a man sitting on a bench?
(A) Rain Man or (B) Forrest Gump
???
91.9%
...was written in part by and starred Kristen Wiig?
(A) Bridesmaids or (B) The Princess Bride
???
85.6%
...set in the future contains a character named Eve?
(A) Avatar or (B) WALL·E
???
83.1%
...starred Melissa McCarthy?
(A) Identity Thief or (B) Horrible Bosses
???
82.9%
...is set in the 1860s?
(A) Gone with the Wind or (B) The Help
???
79.9%
...was directed by M. Night Shyamalan?
(A) The Sixth Sense or (B) Slumdog Millionaire
???
77%
...featured Charlie Chaplin?
(A) Animal Crackers or (B) The Tramp
???
76.2%
...was based on Suzanne Collins's writing?
(A) The Hunger Games or (B) Twilight
???
75.3%
...franchise consists of more horror movies?
(A) Scream or (B) Saw
???
74.9%
...of 2012 was filmed with all actors singing live on set?
(A) Pitch Perfect or (B) Les Misérables
???
74.6%
...included a character named 'Jive Lady'?
(A) Airplane! or (B) Office Space
???
74.6%
Which movie... A or B % Correct
...was released by DreamWorks in 2001?
(A) Shrek or (B) Monsters, Inc.
???
72.7%
...won Morgan Freeman a Golden Globe for Best Actor?
(A) Driving Miss Daisy or (B) Million Dollar Baby
???
72%
...featured the song 'Take My Breath Away'?
(A) Dirty Dancing or (B) Top Gun
???
71.8%
...set in a prison stars Paul Newman?
(A) Cool Hand Luke or (B) The Shawshank Redemption
???
71.7%
...trilogy has a longer collective running time?
(A) The Hobbit or (B) The Lord of the Rings
???
70.6%
...about 'The Chocolate Factory' was released first?
(A) Willy Wonka &... or (B) Charlie and...
???
67.7%
...earned Meryl Streep an Academy Award?
(A) Sophie's Choice or (B) Out of Africa
???
66.5%
...grossed more money, when adjusting for inflation?
(A) The Godfather or (B) E.T.: The Extra-Terrestrial
???
64.5%
...was remade in 1982 after first being released in 1951?
(A) The Blob or (B) The Thing
???
63.6%
...based on a Nicholas Sparks book was released first?
(A) The Notebook or (B) A Walk to Remember
???
44.6%
...starring Julie Andrews was released earlier?
(A) The Sound of Music or (B) Mary Poppins
???
42%
...featured the line, 'Go ahead, make my day'?
(A) Dirty Harry or (B) Sudden Impact
???
27.3%

You're not logged in!

Compare scores with friends on all Sporcle quizzes.
Join for Free
OR
Log In

You Might Also Like...

Show Comments

Extras

Top Quizzes Today


Score Distribution

Your Account Isn't Verified!

In order to create a playlist on Sporcle, you need to verify the email address you used during registration. Go to your Sporcle Settings to finish the process.

Report this User

Report this user for behavior that violates our Community Guidelines.

Details: